Caricamento...
Jatom ka naveena ithihas /
| Autore principale: | |
|---|---|
| Natura: | Printed Book |
| Lingua: | Hindi |
| Pubblicazione: |
Mangal Prakashan ,
1974.
|
| LEADER | 00413nam a2200133Ia 4500 | ||
|---|---|---|---|
| 008 | 150624b xxu||||| |||| 00| | hin d | ||
| 100 | |a Upendranath Sharma | ||
| 245 | |c Upendranath Sharma |a Jatom ka naveena ithihas / | ||
| 260 | |b Mangal Prakashan , |c 1974. | ||
| 300 | |a 376 p. | ||
| 546 | |a In Hindi. | ||
| 942 | |c BK | ||
| 999 | |c 90433 |d 90433 | ||
| 952 | |0 1 |1 0 |4 0 |7 0 |9 90375 |a UL |b UL |c ST1 |d 1998-09-15 |l 0 |p 31927 |r 2012-10-27 |w 2012-10-27 |y BK | ||